Most Populous Cities in Each State - No Vowels - Statistics

General Stats
  • This quiz has been taken 21 times
  • The average score is 33 of 48
Answer Stats
State City (w/o vowels) % Correct
Idaho Bs
100%
California Ls Ngls
100%
Arkansas Lttl Rck
100%
Florida Mm
100%
Alaska Nchrg
100%
Arizona Phnx
100%
Georgia Tlnt
100%
Alabama Brmnghm
92%
Illinois Chcg
92%
Colorado Dnvr
92%
Indiana Ndnpls
92%
Iowa Ds Mns
85%
Hawaii Hnll
85%
Nevada Ls Vgs
77%
Kentucky Lsvll
77%
Nebraska Mh
77%
Maine and Oregon Prtlnd
77%
Rhode Island Prvdnc
77%
Montana Bllngs
69%
Maryland Bltmr
69%
Connecticut Brdgprt
69%
Massachusetts Bstn
69%
Ohio Clvlnd
69%
Texas Dlls
69%
Mississippi Jcksn
69%
New Mexico Lbqrq
69%
New Jersey Nwrk
69%
Pennsylvania Phldlph
69%
Washington Sttl
69%
Kansas Wcht
69%
Delaware Wlmngtn
69%
Michigan Dtrt
62%
Oklahoma Klhm Cty
62%
Minnesota Mnnpls
62%
Tennessee Nshvll
62%
New York Nw Yrk Cty
62%
South Carolina and West Virginia Chrlstn
54%
North Carolina Chrltt
54%
North Dakota Frg
54%
Missouri Knss Cty
54%
South Dakota Sx Flls
54%
New Hampshire Mnchstr
46%
Vermont Brlngtn
38%
Wyoming Chynn
38%
Wisconsin Mlwk
31%
Virginia Vrgn Bch
31%
Louisiana Nw Lns
8%
Utah Slt Lke Cty
0%
No matching quizzes found
Score Distribution
Percent of People with Each Score
Percentile by Number Answered
Your Score History
You have not taken this quiz